000 00690nam a22001937a 4500
020 _a9789352705535
082 _a614.1
_bBIS
100 _aBiswas, Gautam
_983627
245 _aReview of Forensic Medicine and Toxicology :
_bIncluding Clinical and Pathological Aspects MCQs of Previous Years PG Entrance Examination Included /
_cGautam Biswas
250 _a4th Edition.
260 _aNew Delhi :
_bJaypee Brothers Medical Publishers,
_c2019.
300 _a666 p. ;
_bill,
_c28 cm.
563 _aPBK.
650 _aMedical laws and legislation
_9113526
650 _aMedical jurisprudence
_9100519
650 _aForensic toxicology
_9113527
650 _aJurisprudence
942 _2ddc
_cBK
999 _c595201
_d595201